000 00626nam a2200205 a 4500
005 20210223123826.0
008 991125n 000 0 spa u
035 _aUPN01000071807
100 1 _aBackhoff Escudero, Eduardo,
_d1951-
_932005
222 0 _aREVISTA DE LA EDUCACION SUPERIOR
245 0 0 _aDesarrollo del examen de habilidades y conocimientos básicos : EXHCOBA
260 _aMéxico
300 _a95-117
362 0 _a1992 Vol. 21, no. 3, jul.-sep.
653 0 _aEDUCACION BASICA
653 0 _aEVALUACION EDUCATIVA
700 1 _aTirado Segura, Felipe,
_ecoaut.
904 _aAC
_b009618
905 _aArticulo
999 _c65736
_d65736